| 000 -Cabeçalho do registo |
| Cabeçalho |
00541nam 22001693 4500 |
| 001 - Identificador do registo |
| Campo de controlo |
32647 |
| 021 ## - Número do Depósito Legal |
| Código do país |
54174/92 |
| 100 ## - Dados gerais de processamento |
| Dados gerais de processamento |
20260326d1995 u||y0pory50 ba |
| 101 ## - Língua de publicação |
| Língua do texto, banda sonora, etc. |
Português |
| 102 ## - Pais de publicação ou produção |
| País de publicação |
Portugal |
| 200 ## - Titulo e menção de responsabilidade |
| Título próprio |
Comunicações |
| Indicação geral da natureza do documento |
25 Anos ao Serviço do Desenvolvimento da Região do Algarve |
| Informação de outro título |
8.º Congresso do Algarve |
| Primeira menção de responsabilidade |
João Manuel Guerreiro Matoso |
| 210 ## - Publicação, Distribuição, etc. |
| Lugar da edição, distribuição, etc. |
Portugal, Vilamoura |
| Nome do editor, distribuidor, etc. |
Racal club |
| Data da publicação, distribuição, etc. |
1995 |
| 215 ## - Descrição física |
| Indicação específica da natureza do documento e extensão da espécie |
941 p. |
| Outras indicações físicas |
il. |
| Dimensões |
22 cm |
| 300 ## - Notas gerais |
| Texto da nota |
Nota: 7-9 abril, 1995 |
| 345 ## - Nota informativa sobre aquisição |
| Modalidades de aquisição |
Oferta |
| 700 ## - Nome de autor-pessoa física (responsabilidade principal) |
| Palavra de ordem |
Matoso |
| Outra parte do nome não tomada para palavra de ordem |
João Manuel Guerreiro |